Модульное оригами

Podrobná bibliografie
Hlavní autor: Гончар В. В. Валентина Васильевна
Shrnutí:Модульное оригами — одно из направлений древнего японского искусства складывания из бумаги. Оно позволяет создать множество интересных моделей из одинаковых элементов (модулей). Ребенку достаточно научиться складывать один простой модуль, чтобы собрать разнообразные поделки: плоские звездочки, цепочки, браслеты, выпуклые многогранники, объемные игрушки, оригинальные сувениры. Фото готовых изделий представлены на цветной вклейке. Книга адресована детям 7—10 лет, их родителям, школьным учителям, преподавателям художественных кружков.
Jazyk:ruština
Vydáno: Москва, Айрис-Пресс, 2011
Edice:Внимание: дети!
Témata:
Médium: MixedMaterials Kniha
KOHA link:https://koha.lib.tpu.ru/cgi-bin/koha/opac-detail.pl?biblionumber=195870

MARC

LEADER 00000nam0a2200000 4500
001 195870
005 20231101224643.0
010 |a 9785811241651 
035 |a (RuTPU)RU\TPU\book\213684 
090 |a 195870 
100 |a 20110517d2011 c y0rusy50 ca 
101 0 |a rus 
102 |a RU 
105 |a a z 000zy 
200 1 |a Модульное оригами  |f В. В. Гончар 
210 |a Москва  |c Айрис-Пресс  |d 2011 
215 |a 112 с.  |c ил. 
225 1 |a Внимание: дети! 
330 |a Модульное оригами — одно из направлений древнего японского искусства складывания из бумаги. Оно позволяет создать множество интересных моделей из одинаковых элементов (модулей). Ребенку достаточно научиться складывать один простой модуль, чтобы собрать разнообразные поделки: плоские звездочки, цепочки, браслеты, выпуклые многогранники, объемные игрушки, оригинальные сувениры. Фото готовых изделий представлены на цветной вклейке. Книга адресована детям 7—10 лет, их родителям, школьным учителям, преподавателям художественных кружков. 
606 1 |a Оригами  |2 stltpush  |3 (RuTPU)RU\TPU\subj\70631  |9 84836 
610 1 |a художественные промыслы 
610 1 |a детское творчество 
610 1 |a бумагопластика 
610 1 |a рукоделие 
610 1 |a модульное оригами 
675 |a 745/.749  |v 3 
700 1 |a Гончар  |b В. В.  |g Валентина Васильевна 
801 1 |a RU  |b 63413507  |c 20110517 
801 2 |a RU  |b 63413507  |c 20110520  |g RCR 
942 |c BK